000 00442nam a2200157Ia 4500
005 20260407095750.0
008 251127s9999 xx 000 0 und d
020 _a0136450865 (textbook binding) |
082 _a658.562
_bMIT-F
100 _aMitra, Amitava.
245 0 _aFundamentals of Quality Control and Improvement
250 _a2nd ed.
260 _aUpper Saddle River
_bPrentice Hall
650 _aManagement Sciences
942 _cBK
999 _c8962
_d8962